Biological and chemical conversion technologies
Đã lưu trong:
| Formáid: | Leabhar |
|---|---|
| Teanga: | Undetermined |
| Foilsithe: |
United States
[2000]
|
| Ábhair: | |
| Clibeanna: |
Cuir Clib Leis
Gan Chlibeanna, Bí ar an gcéad duine leis an taifead seo a chlibeáil!
|
| Thư viện lưu trữ: | Trung tâm Học liệu Trường Đại học Cần Thơ |
|---|
| LEADER | 00405nam a2200145Ia 4500 | ||
|---|---|---|---|
| 001 | CTU_156452 | ||
| 008 | 210402s9999 xx 000 0 und d | ||
| 082 | |a 572 | ||
| 082 | |b B615 | ||
| 245 | 0 | |a Biological and chemical conversion technologies | |
| 260 | |a United States | ||
| 260 | |c [2000] | ||
| 650 | |a Biochemistry,Hóa sinh | ||
| 904 | |i QHieu | ||
| 980 | |a Trung tâm Học liệu Trường Đại học Cần Thơ | ||